Nalaganje...
Aquariums & aquarium fish : a complete practical guide & fish identifier
| Glavni avtor: | |
|---|---|
| Format: | Printed Book |
| Izdano: |
Lorenz books
2015
|
| Teme: |
| LEADER | 00565nam a2200193 4500 | ||
|---|---|---|---|
| 020 | |c £16.99 | ||
| 082 | |a R 639.34 BAI - A | ||
| 100 | |a Bailey,Mary and Sanford,Gina | ||
| 245 | |a Aquariums & aquarium fish : a complete practical guide & fish identifier | ||
| 250 | |||
| 260 | |a Lorenz books |c 2015 | ||
| 300 | |||
| 490 | |||
| 500 | |||
| 590 | |b abd/46 dt |c £16.99 | ||
| 650 | |a aquarium fish | ||
| 942 | |c BK | ||
| 999 | |c 92952 |d 92952 | ||
| 952 | |0 0 |1 0 |4 0 |6 R_639_340000000000000_BAI__A |7 0 |9 106420 |a ZGY |b ZGY |g 0.00 |l 0 |o R 639.34 BAI - A |p ZGY05486 |r 2019-09-25 |w 2019-09-25 |y BK | ||